00549cam a22002291 4500001001300000003000400013005001700017008004100034010001700075035002000092040001800112042001200130050001900142100003200161245001900193260001100212300001900223500001300242500003000255650001700285999001700302sa 64007187 DLC20260227112044.0890807s1964 ii 000 0 urdr  asa 64007187  a(OCoLC)20137354 aDLCcWaUdDLC apremarc00aPK2200.N33bM80 aNaresh Kumār,d1928-1969.10aMut̤ālaʻe. c[1964] a189 p.c18 cm. aIn Urdu. aText partially vocalized. 0aUrdu poetry. c60089d60089